| 000 | 00899nam a2200265Ia 4500 | ||
|---|---|---|---|
| 001 | 22028 | ||
| 005 | 20260320113335.0 | ||
| 008 | 260320s9999||||xx |||||||||||||| ||und|| | ||
| 020 | _a9789681657543 | ||
| 041 | _aESP | ||
| 082 |
_a980.013 _bM26 |
||
| 100 |
_aMartínez, José Luis, _eAUT |
||
| 245 | 0 |
_aPasajeros de Indias : _bviajes trasatlánticos en el siglo XVI |
|
| 246 |
_a _5 _b |
||
| 250 | _aTercera edición, segunda reimpresión | ||
| 260 |
_aMéxico, D. F. : _bFondo de Cultura Económica, _c2014 |
||
| 300 |
_a323 páginas : _bláminas, ilustraciones, cuadros ; _c21 cm. _e |
||
| 440 |
_a(Colección Historia) _n _v |
||
| 650 | _aHIS | ||
| 653 | _aAmérica - Viajes y descubrimientos - Siglo XVI | ||
| 654 | _aCHU | ||
| 700 |
_a _c |
||
| 856 |
_uhttps://0u20jnv37-y-https-www-jstor-org.itmsp.museknowledge.com/ _zVéase además: Base de datos JSTOR |
||
| 942 |
_cLIB _dJUS _fMAT _2ddc _n |
||
| 999 |
_c22028 _d22028 |
||